| 000 | 01290nam a2200217 a 4500 | ||
|---|---|---|---|
| 001 | 000001538 | ||
| 003 | AM-YeHGA | ||
| 005 | 20250617161623.0 | ||
| 008 | 021101s1947 ai r 000 0 rus d | ||
| 040 | _aAM-YeHGA | ||
| 245 | 0 | 0 |
_aСеверные исторические песни / _cНаучно-исследовательский ин-т культуры Карело-Финской ССР ; Подгот. текста, статья и примеч. А. Астаховой ; Под общ. ред. А. Астаховой, В. Базанова. |
| 260 |
_aПетрозаводск _bГиз Карело-Финской ССР, _c1947. |
||
| 300 | _a67 с. | ||
| 490 | 1 | _aБиблиотека русского фольклора Карелии / Научно-исследовательский ин-т культуры Карело-Финской ССР | |
| 650 | 1 | 4 | _aНародное творчество, фольклор |
| 700 | 1 |
_aАстахова, А. _eсост. _eред. _4com _4edt |
|
| 700 | 1 |
_aБазанова, В. _eред. _4edt |
|
| 710 | 2 | _aНаучно-исследовательский институт культуры Карело-Финской ССР | |
| 830 | 0 | _aБиблиотека русского фольклора Карелии | |
| 090 | _c477694 | ||
| 999 |
_c474406 _d474406 |
||